| 000 | 01341nam a22003017a 4500 | ||
|---|---|---|---|
| 999 |
_c44813 _d44813 |
||
| 001 | 18367 | ||
| 003 | CO-MdFUSB | ||
| 005 | 20190202100322.0 | ||
| 008 | 180427t2013 sp ||||| |||| 00| 0 spa d | ||
| 020 | _a978-84-9945-315-6 | ||
| 040 |
_aCO-MdFUSB _bspa _cCO-MdFUSB _dCO-MdFUSBC _erda |
||
| 041 | _aspa | ||
| 082 | 0 | 4 | _aG 228.07 R7414s |
| 100 | 1 |
_aRojas Gálvez, Ignacio (1971-) _eautor |
|
| 245 | 0 |
_aQé se sabe de... los símbolos del apocalipsis _c / Ignacio Rojas Gálvez |
|
| 264 | 4 |
_aEstella, Navarra : _bVerbo Divino, _c©2013 |
|
| 300 | _a244 p. | ||
| 336 |
_2rdacontent _atexto _btxt |
||
| 337 |
_2rdamedia _asin mediación _bn |
||
| 338 |
_2rdacarrier _avolumen _bnc |
||
| 501 | _aRústico | ||
| 505 | 0 | 0 | _aEl Apocalipsis: ¿Cómo hemos llegado hasta aquí? -- Los apocalipsis, la apocalíptica, y el apocalipticismo -- Los símbolos como medio apocalíptico de comunicación -- Claves prácticas para interpretar los símbolos del Apocalipsis -- Resonancias histórico-sociales de la interpretación -- Los símbolos apocalípticos hoy -- El Apocalipsis y sus símbolos en el séptimo arte -- El resurgir actual de la apocalíptica y su simbólica |
| 650 | 0 |
_aBiblia _916 |
|
| 653 | _aBiblia - Comentarios | ||
| 653 | _aLiteratura apocalíptica | ||
| 653 | _aBiblia N.T. - Apocalipsis - Signos y símbolos | ||
| 942 | _cBK | ||